[Event "EICC 2017"]
[Site "Minsk"]
[Date "2017.06.08"]
[Round "9"]
[White "Abasov, Nijat"]
[Black "Usmanov, Vasily"]
[Result "1-0"]
[WhiteElo "2575"]
[BlackElo "2443"]
[Annotator "TA"]
[PlyCount "135"]
[EventDate "2017.??.??"]
[EventCountry "BLR"]
[SourceTitle "playchess.com"]
[Source "ChessBase"]
[SourceQuality "1"]

{[%evp 14,135,52,49,51,0,0,0,0,0,0,0,0,0,0,0,7,7,3,0,12,0,0,0,5,0,29,21,28,0,-14,-12,0,0,62,48,58,45,46,55,47,58,58,45,93,66,87,96,99,79,116,113,113,113,113,113,113,113,116,116,133,138,131,139,134,134,126,118,193,167,270,247,197,161,129,107,390,389,373,372,647,655,619,581,1056,987,863,0,295,0,442,422,413,390,663,465,827,764,2494,2539,2183,2180,2100,1925,5114,1818,7104,5106,29978,29979,29979,29980,29980,29981,29980,29981,29986,29987,29988,29989,29990,29991,29991,29992]} 1. d4 Nf6 2. c4 e6 3. Nf3 Bb4+ 4. Nbd2 O-O 5. a3 Be7 6. e4 d6 {E11: Bogo-Indian} 7. Be2 a5 8. Qc2 {LiveBook: 5 Games} Nfd7 $146 {White is slightly better.} ({Predecessor:} 8... a4 9. e5 dxe5 10. dxe5 Nfd7 11. Ne4 Nc6 12. Bf4 Ra5 13. O-O-O Qe8 14. h4 Ndxe5 15. Nxe5 Rxe5 16. Bxe5 Nxe5 {1-0 (34) Gelfand,B (2731)-Antipov,M (2569) Moscow 2015}) 9. b3 (9. Nb1 $14) 9... e5 $11 10. Bb2 {[%cal Rd4e5]} exd4 11. Nxd4 Nc6 12. Rd1 Bf6 13. N2f3 Re8 14. O-O Nxd4 15. Nxd4 Nc5 16. Bf3 Bd7 17. Rfe1 Be5 18. Nb5 Bc6 19. Bd4 Bxd4 (19... Qe7 {is more complex.} 20. Bc3 b6 21. Re3 Bf4 22. Ree1 Be5) 20. Nxd4 Qf6 21. Nxc6 bxc6 22. b4 axb4 23. axb4 Ne6 (23... Nd7 $11) 24. e5 $1 $36 {[%cal Re5f6][%mdl 2048] White is more active.} dxe5 {next ...Nd4 is good for Black.} 25. Bxc6 {Black must now prevent Qb2.} Nd4 26. Rxd4 $1 Qxc6 27. Rd5 e4 28. h3 Qg6 29. Qd2 h6 30. b5 Qf6 31. Rd7 Re7 32. Rxe7 Qxe7 $16 {[%mdl 4096] Endgame KQR-KQR} 33. Qd5 Re8 {[#]} 34. Re3 $1 Qe5 35. Qxe5 Rxe5 {KR-KR} 36. f3 f5 37. fxe4 f4 38. Re2 Kf7 39. Rd2 Ke6 40. Rd4 g5 (40... Rg5 $16 {was necessary.}) 41. Kf2 Rc5 (41... Ke7 $142 42. Kf3 Rc5) 42. Kf3 $18 Kf6 43. Kg4 Kg6 44. h4 h5+ $2 {[%mdl 8192]} (44... Kf7 $16 45. e5 Rxe5) 45. Kf3 gxh4 46. Kxf4 {Hoping for e5.} Rg5 $2 (46... Kf6 47. Ke3 Kg6) 47. Rd8 Rg4+ 48. Ke5 Rg5+ 49. Ke6 Rg4 50. Ke5 $2 (50. Kd7) 50... Rg5+ $1 {[#]} 51. Kf4 (51. Kd4 $142 $1 {aiming for Rg8+.} Kf6 52. Rd5 Rxg2 53. Rxh5) 51... Rg4+ 52. Kf3 {And now Rg8+ would win.} Rg3+ 53. Kf2 {Threatens to win with Rg8+.} Rc3 $2 (53... Rb3 54. Rd7 Kg5 55. Rxc7 Kf4) 54. Rc8 Kg5 (54... Rb3 $142 55. Rxc7 Kf6) 55. Rxc7 Kf4 56. b6 Rc2+ 57. Kg1 h3 58. gxh3 h4 59. Rf7+ Ke3 60. Rf1 Rxc4 61. Rb1 {White mates.} Rc8 62. b7 Rg8+ 63. Kh2 Rb8 64. e5 {[%cal Be4e5,Be5e6,Be6e7][%mdl 32]} Ke2 65. e6 Kf2 66. e7 Kf3 67. Rf1+ Ke2 68. Rf8 {Precision: White = 80%, Black = 50%.} 1-0

[Event "EICC 2017"]
[Site "Minsk"]
[Date "2017.06.08"]
[Round "9"]
[White "Palac, Mladen"]
[Black "Girya, Olga"]
[Result "1-0"]
[WhiteElo "2573"]
[BlackElo "2476"]
[Annotator "TA"]
[PlyCount "83"]
[EventDate "2017.??.??"]
[EventCountry "BLR"]
[SourceTitle "playchess.com"]
[Source "ChessBase"]
[SourceQuality "1"]

{[%evp 14,83,35,36,27,4,15,17,22,27,34,31,28,28,29,31,33,0,0,0,30,0,25,-7,31,0,0,0,29,0,7,4,56,52,145,137,223,185,194,200,272,43,44,44,49,44,43,0,0,0,520,508,491,494,463,403,29966,29967,29967,29968,29966,29969,29966,29966,29954,29949,29943,29955,984,4698,6087,6054]} 1. e4 c6 2. d4 d5 3. e5 Bf5 4. Nf3 e6 5. c3 Nd7 6. Be2 h6 7. O-O Ne7 8. Nbd2 {LiveBook: 90 Games. B12: Caro-Kann: Advance Variation} a5 9. Re1 Bg6 10. Nf1 {The position is equal.} Nf5 11. Bd3 Be7 12. Ng3 Nxg3 13. Bxg6 fxg6 14. fxg3 O-O 15. Qd3 Qe8 {[#]} 16. Be3 $146 a4 17. Re2 b5 18. Rf1 Nb6 19. Ref2 Nc4 20. Bc1 Rb8 21. g4 c5 22. g5 h5 (22... hxg5 $1 $11 23. Nxg5 Rxf2 24. Rxf2 Bxg5 25. Bxg5 Rc8) 23. Nh4 $14 Rf5 ({Black should play} 23... Rxf2 $14 24. Rxf2 Kh7) 24. h3 $16 a3 (24... Rxf2 $16 25. Rxf2 Kh7) 25. bxa3 (25. Rxf5 gxf5 26. b3 Nb6 $11) 25... cxd4 26. cxd4 ({And not} 26. Rxf5 gxf5 27. cxd4 Ra8 $15) 26... Ra8 {intending ...Rxf2.} 27. g4 $2 ({White has to play} 27. Nxf5 $18 gxf5 {[#]} 28. g4 $1 {[%mdl 512]} hxg4 29. hxg4 Bxa3 30. gxf5 Bxc1 31. Rxc1) 27... Rxf2 $14 28. Rxf2 Bxa3 29. Bxa3 Rxa3 30. Qb1 Rxh3 31. Nxg6 {[#] Threatens to win with Rf8+.} Na3 $2 {[%mdl 8192]} (31... Rf3 $11 32. Rxf3 Nd2 33. Rf8+ Qxf8 34. Nxf8 Nxb1 35. Nxe6 hxg4) 32. Qf1 $18 {And now Rf8+ would win.} Rg3+ 33. Kh2 {White threatens Rf8+ and mate.} Qxg6 34. Kxg3 Qxg5 {[%mdl 4096] Endgame KQR-KQN} (34... Nc2 $18 35. Qb1 (35. Qxb5 Nxd4 36. Qd7 Kh7 $16) 35... Qxg5) 35. Rf8+ Kh7 36. Qd3+ g6 37. Qxa3 Qxg4+ 38. Kh2 Qe2+ 39. Kg1 Qg4+ 40. Kf1 Qd1+ 41. Kg2 {Intending Qe7+ and mate.} Qg4+ 42. Qg3 {Precision: White = 67%, Black = 36%.} 1-0

[Event "EICC 2017"]
[Site "Minsk"]
[Date "2017.06.08"]
[Round "9"]
[White "Svetushkin, Dmitry"]
[Black "Grinberg, Eyal"]
[Result "1-0"]
[WhiteElo "2573"]
[BlackElo "2457"]
[Annotator "TA"]
[PlyCount "77"]
[EventDate "2017.??.??"]
[EventCountry "BLR"]
[SourceTitle "playchess.com"]
[Source "ChessBase"]
[SourceQuality "1"]

{[%evp 23,77,29,30,0,39,39,29,28,43,44,40,41,95,100,98,98,97,91,102,110,102,85,144,142,134,141,239,236,284,287,268,277,533,538,502,498,719,511,1087,507,531,510,29988,29989,29991,29991,29991,29992,29992,29993,29993,29994,29994,29995,29995,29996]} 1. e4 c5 2. Nf3 d6 3. d4 cxd4 4. Nxd4 Nf6 5. Nc3 a6 6. f3 e5 7. Nb3 Be6 8. Be3 h5 9. Qd2 Nbd7 10. Nd5 {B90: Sicilian Najdorf: Unusual White 6th moves, 6 Be3 Ng4 and 6 Be3 e5} Bxd5 11. exd5 g6 12. Be2 Bg7 {LiveBook: 53 Games} 13. O-O-O (13. O-O b6 14. c4 O-O 15. h3 Nh7 16. g4 hxg4 17. hxg4 Bf6 {½-½ (49) So,W (2815)-Giri,A (2785) chess.com INT 2017}) 13... Qc7 14. Kb1 O-O 15. g4 Rfc8 16. Rc1 a5 {[#]} 17. g5 $146 Nh7 ({Black should play} 17... Ne8 $14) 18. a4 $1 $16 Nb6 19. Bxb6 ({Stronger than} 19. Nxa5 Nxa4 20. Nb3 e4 $1 $17 {[%mdl 512]}) 19... Qxb6 20. Bb5 Qd8 21. h4 Nf8 22. Rhe1 Kh7 (22... Nd7 $142) 23. f4 exf4 24. Qxf4 Qc7 (24... f5 $16 {was necessary.} 25. gxf6 Qxf6 26. Qxf6 Bxf6) 25. Nd2 $18 Be5 26. Rxe5 dxe5 27. Qf3 Rd8 $2 (27... Qe7 28. Ne4 Kg7) 28. Ne4 Kg8 29. Rf1 ({Not} 29. d6 Rxd6 30. Nxd6 Qxd6 $16) 29... Qe7 (29... Ra6 $142 30. Bxa6 bxa6) 30. Bc4 {Hoping for d6.} Kh8 (30... Ra6 $142 31. Bxa6 bxa6) 31. Qd3 (31. d6 $142 Rxd6 32. Nxd6 Qxd6 33. Qxf7) 31... Qe8 32. d6 Qxa4 (32... Ne6 $18 33. Nf6 Nc5) 33. Rxf7 {White mates.} Rac8 34. Qd5 Re8 {[#]} 35. Rxf8+ $1 {[%mdl 512]} Rxf8 36. Qxe5+ Kh7 37. Qe7+ Kh8 {[#]} 38. Nf6 $1 Rxf6 39. gxf6 {Precision: White = 72%, Black = 37%.} 1-0

[Event "EICC 2017"]
[Site "Minsk"]
[Date "2017.06.08"]
[Round "9"]
[White "Wagner, Dennis"]
[Black "Moiseenko, Alexander"]
[Result "1/2-1/2"]
[WhiteElo "2571"]
[BlackElo "2677"]
[Annotator "TA"]
[PlyCount "74"]
[EventDate "2017.??.??"]
[EventCountry "BLR"]
[SourceTitle "playchess.com"]
[Source "ChessBase"]
[SourceQuality "1"]

{[%evp 18,74,20,21,22,22,27,22,26,26,31,23,38,36,37,35,31,26,37,38,36,38,35,11,11,11,11,9,13,14,32,0,0,0,0,0,0,0,0,0,0,0,0,0,0,0,12,12,12,0,18,0,0,0,0,0,0,0,0]} 1. d4 Nf6 2. Nf3 e6 3. Bf4 b6 4. e3 Bb7 5. Bd3 Be7 6. h3 c5 7. c3 O-O 8. Nbd2 cxd4 9. exd4 d6 10. O-O Nbd7 {A47: 1 d4 Nf6 2 Nf3 b6: Torre, London and Colle Systems} 11. Re1 Re8 12. Bh2 Qc7 (12... a6 13. a4 Nf8 14. Ng5 Qd7 15. Qe2 Bc6 16. Bxa6 Bxa4 17. Bd3 Bc6 18. Nc4 {1-0 (82) Giri,A (2755)-Tomashevsky,E (2731) Moscow 2016}) 13. a4 {[#]} Bc6 $146 14. Qe2 Rab8 15. Nc4 {[%cal Bd2c4,Bc4a3,Ba3c2,Bc2b4][%mdl 32]} Bf8 16. Na3 Rbd8 17. Bb5 Nb8 18. Nc2 a6 19. Bd3 Qb7 20. Nb4 (20. Ne3 {with more complications.} h6 21. Nd2 e5 22. dxe5 dxe5 23. Ndc4) 20... Bxf3 $1 21. Qxf3 Qxf3 22. gxf3 a5 23. Nc2 g6 24. Ra3 Re7 {The position is equal.} 25. Rb3 Rb7 $1 26. Ne3 d5 $1 27. Be5 Nh5 28. Ng4 Bd6 29. Nf6+ Nxf6 30. Bxf6 Rf8 31. Bb5 Be7 32. Be5 Rd8 33. Kg2 Kf8 34. Re2 Bd6 35. Bf6 Be7 36. Be5 Bd6 37. Bf6 Be7 {Precision: White = 67%, Black = 79%.} 1/2-1/2

[Event "EICC 2017"]
[Site "Minsk"]
[Date "2017.06.08"]
[Round "9"]
[White "Santos Latasa, Jaime"]
[Black "Polivanov, Anatoliy"]
[Result "1/2-1/2"]
[WhiteElo "2567"]
[BlackElo "2401"]
[Annotator "TA"]
[PlyCount "117"]
[EventDate "2017.??.??"]
[EventCountry "BLR"]
[SourceTitle "playchess.com"]
[Source "ChessBase"]
[SourceQuality "1"]

{[%evp 16,117,0,-1,0,0,0,0,19,7,114,5,19,7,11,-17,25,-44,-45,-35,-7,-17,0,0,0,0,0,0,0,0,38,31,38,-11,-10,-45,0,0,0,-4,0,0,0,0,0,0,50,62,35,35,104,101,119,118,136,80,147,110,99,108,218,224,268,272,264,249,219,0,0,0,0,0,0,0,0,0,0,0,0,0,0,0,0,0,0,0,0,0,0,0,0,0,0,0,0,0,0,0,0,0,0,0,0,0]} 1. e4 c5 2. Nf3 e6 3. g3 Nc6 4. Bg2 Nf6 {[%cal Bg8f6,Bf6e8,Be8c7,Bc7d5,Bd5f4][%mdl 32]} 5. Qe2 d5 6. d3 Be7 7. O-O O-O 8. e5 Ne8 9. h4 {LiveBook: 14 Games. C00: French: Unusual White 2nd moves} h6 $146 ({Predecessor:} 9... f5 10. exf6 Bxf6 11. c4 dxc4 12. dxc4 Nd4 13. Nxd4 Bxd4 14. Be3 e5 15. Nc3 Nd6 16. Nd5 Kh8 {½-½ (77) Vachier Lagrave,M (2699)-Dzagnidze,N (2535) Caleta 2012}) 10. Bf4 Nc7 11. c3 b5 12. a3 d4 (12... Bb7 $11) 13. cxd4 ({White should play} 13. Nxd4 $1 $16 Nxd4 14. cxd4) 13... cxd4 $11 14. Nbd2 Nd5 15. Rac1 Bd7 16. Ne4 ({White should try} 16. Qe4 $11) 16... Nxf4 $15 17. gxf4 Rc8 18. Nfd2 {[%cal Bf3d2,Bd2c4,Bc4d6][%mdl 32]} b4 19. Nc4 bxa3 20. bxa3 Na5 21. Ncd6 Rxc1 22. Rxc1 Nb3 23. Rb1 Ba4 24. Qc2 (24. Qg4 $5 {[%cal Rf4f5]} Bxd6 25. Nxd6 $11) 24... Bxd6 $1 25. Qc4 Qd7 26. exd6 Rc8 27. Qb4 a5 28. Qb6 $1 $36 {[%mdl 2048] White has good play.} Rc6 29. Qb8+ Rc8 30. Rxb3 Bxb3 31. Qxb3 {Qb6 is the strong threat.} f5 32. Ng3 Rc1+ (32... Qxd6 $14 33. Ne2 Kh7) 33. Bf1 $16 Qxd6 34. Nxf5 $1 a4 35. Qa2 Qb6 {[#] Threatening ...Qb3.} 36. Ng3 $1 Qb3 37. Qe2 Qxa3 (37... Kh8 $16) 38. Qxe6+ $18 Kh8 39. Qe8+ Kh7 40. f5 Qxd3 41. f6 $2 (41. Qxa4 $18 {Black must now prevent f6!} Qd1 42. Qe8) 41... Rxf1+ $1 $11 {The position is equal.} 42. Nxf1 {[#] Hoping for f7.} Qg6+ 43. Qxg6+ Kxg6 44. fxg7 Kxg7 {[%mdl 4096] Endgame And now ...a3 would win. KN-K3P} 45. Nd2 $1 a3 46. Nb3 a2 {Strongly threatening ...Kg6.} 47. f4 Kg6 {With the idea ...Kf5.} 48. Kf2 Kf5 49. Kf3 d3 $1 50. Ke3 h5 51. Kxd3 Kxf4 {KN-KPP} 52. Kd4 Kg4 53. Ke4 $1 Kxh4 54. Kf4 $1 Kh3 {aiming for ...Kg2.} 55. Kf3 Kh2 (55... h4 $5) 56. Kf2 $1 h4 57. Na1 $1 Kh3 {Threatens to win with ...Kg4.} 58. Kf3 Kh2 59. Kf2 $1 {Precision: White = 71%, Black = 52%.} 1/2-1/2

[Event "EICC 2017"]
[Site "Minsk"]
[Date "2017.06.08"]
[Round "9"]
[White "Zhigalko, Andrey"]
[Black "Grandelius, Nils"]
[Result "1-0"]
[WhiteElo "2566"]
[BlackElo "2665"]
[Annotator "TA"]
[PlyCount "101"]
[EventDate "2017.??.??"]
[EventCountry "BLR"]
[SourceTitle "playchess.com"]
[Source "ChessBase"]
[SourceQuality "1"]

{[%evp 16,101,40,34,36,36,50,37,35,29,39,47,41,22,80,84,83,80,45,46,43,39,37,43,95,95,112,120,152,145,160,146,149,158,144,147,263,260,273,264,412,400,580,579,560,549,558,486,487,460,482,482,477,418,496,452,454,432,518,493,503,467,520,507,507,452,660,647,673,677,824,704,887,864,843,777,861,844,1457,1485,1453,1432,1833,1785,6137,6053,2707,1493]} 1. e4 c5 2. Nf3 e6 3. d4 cxd4 4. Nxd4 a6 5. Nc3 {[%cal Bb1c3,Bc3a2,Ba2b4,Bb4d5][%mdl 32]} d6 6. Be3 b5 7. Qd2 {B54: Sicilian: 2...d6 3 d4 cxd4 4 Nxd4, Unusual Lines} Bb7 (7... Nd7 8. f3 Ngf6 9. g4 h6 10. a3 Bb7 11. O-O-O Rc8 12. h4 d5 13. exd5 Nxd5 14. Nxd5 Bxd5 15. Be2 Ne5 16. Kb1 Qc7 17. Rhe1 Nc4 18. Bxc4 Qxc4 19. b3 {½-½ (59) Bologan,V (2681)-Ivanchuk,V (2766) Beijing 2012}) 8. f3 Ne7 9. a4 {LiveBook: 3 Games. White is slightly better.} b4 10. Na2 d5 $1 11. Nxb4 $146 ({Predecessor:} 11. Nb3 dxe4 12. Qxd8+ Kxd8 13. Nc5 Nf5 14. Nxb7+ Kc8 {0-1 (66) Warmerdam,M (2350)-Feuerstack,A (2449) chess.com INT 2017}) 11... dxe4 12. fxe4 Ng6 13. O-O-O Be7 14. Qc3 $36 {[%mdl 2048] Strongly threatening Nxe6! White has good play.} Qa5 (14... Nd7 $11 {remains equal.}) 15. Nd5 $16 Qxc3 16. Nxc3 Bb4 17. Na2 Be7 18. Bd3 Nd7 19. Nb3 {[%cal Bd4b3,Bb3a5,Ba5c4,Bc4d6][%mdl 32]} Nf6 {[#]} (19... Nge5 $14) 20. Nc3 $1 O-O 21. Bc5 Rfc8 22. Bxe7 Nxe7 23. Na5 Bc6 24. Rhe1 Ng4 25. Nc4 {Threatens to win with Nb6.} Rab8 (25... Nf2 $16 {keeps fighting.}) 26. Nd6 $18 Rd8 27. Bxa6 Nxh2 (27... Ra8 $142) 28. Be2 h5 (28... Ng6 $142 29. Rh1 Bxa4 30. Rxh2 Be8) 29. Bxh5 g6 30. Be2 Kg7 31. b3 Rh8 32. Kb2 g5 33. a5 {[%cal Ba4a5,Ba5a6][%mdl 32]} Ng6 34. Bb5 Ba8 35. Na4 {White is clearly winning.} Ng4 36. Nb6 N6e5 37. Nxa8 Rxa8 38. a6 Rhd8 39. b4 Nf2 40. Rd4 g4 (40... Kf6 $142 41. Rf1 Ke7 42. Rxf2 Rxd6) 41. Kb3 Kf8 42. c4 Ned3 43. Re3 Nf4 44. e5 {[%cal Be4e5,Be5d6][%mdl 32]} Nxg2 45. Rg3 Nh4 46. Rf4 Rxd6 47. exd6 Nf5 48. Rg2 g3 49. c5 Nh3 {[#]} 50. Rxf5 $1 exf5 51. Rxg3 {Precision: White = 86%, Black = 38%.} 1-0

[Event "EICC 2017"]
[Site "Minsk"]
[Date "2017.06.08"]
[Round "9"]
[White "Donchenko, Alexander"]
[Black "Lavrov, Maxim"]
[Result "1/2-1/2"]
[WhiteElo "2563"]
[BlackElo "2369"]
[Annotator "TA"]
[PlyCount "108"]
[EventDate "2017.??.??"]
[EventCountry "BLR"]
[SourceTitle "playchess.com"]
[Source "ChessBase"]
[SourceQuality "1"]

{[%evp 27,108,58,52,33,56,23,34,0,0,0,24,-15,30,0,-22,-88,-86,-91,-98,-148,-125,-230,-186,-237,-201,-228,-168,-218,-175,-325,-318,-314,-307,-288,-162,-192,-101,-71,-95,-97,-91,-153,-84,-71,-81,-115,-123,-128,-121,-123,-111,-200,-133,-123,-50,-43,0,0,0,-62,-41,-61,-68,-45,0,0,0,-31,-24,-62,0,-31,-31,-31,-30,-33,-40,-94,-33,-33,-33,-35,-25]} 1. c4 Nf6 2. g3 g6 3. Bg2 Bg7 4. d4 O-O 5. Nf3 d6 6. O-O Nbd7 7. Nc3 e5 8. e4 c6 9. h3 exd4 10. Nxd4 Nc5 11. Be3 Re8 12. Qc2 a5 13. Rad1 Qe7 14. Rfe1 a4 {LiveBook: 46 Games} (14... Ncxe4 $2 15. Bf4 $18) 15. Bg5 {E69: King's Indian: Fianchetto: 6...Nbd7 7 0-0 e5 8 e4 c6 9 h3} (15. b4 $5 {[%cal Rb4c5]} axb3 16. axb3 $11) (15. f4 Nfd7 16. Bf2 Qd8 17. b4 {½-½ (17) Vorobiov,E (2583)-Vovk,A (2567) Bayerisch Eisenstein 2013}) 15... h6 $146 ({Predecessor:} 15... Qc7 16. Nf3 Nfd7 17. Be3 Qa5 18. Bd2 Ne5 19. Nxe5 Bxe5 20. f4 Bg7 21. Nb5 Qd8 22. Be3 Nxe4 23. Bxe4 cxb5 24. cxb5 {0-1 (45) Mueller Toepler,M (1642)-Hirscheider,H (2075) LSS email 2011}) 16. Bf4 Nfd7 17. Ndb5 {White is slightly better.} cxb5 18. Bxd6 Qf6 19. Nxb5 {And now Nc7 would win.} Ne6 ({Avoid the trap} 19... Qxb2 $2 20. Qxb2 Bxb2 21. Nc7 $18) (19... Na6 $5 {[%cal Rf6b2]}) 20. Rd2 (20. e5 $142 Qg5 21. Qc3) 20... Ne5 $11 21. f4 {[#]} (21. Re3 $11) 21... Nxf4 $1 $17 {[%mdl 512]} 22. gxf4 Qxf4 23. Rf2 Qg5 $36 {[%mdl 2048] White is under strong pressure.} 24. Kf1 (24. Kh1 $17) 24... Qh4 25. Re3 (25. Nc7 {was necessary.} Bxh3 26. Nxa8 Rxa8 27. Rd1) 25... Be6 $19 26. Rc3 Red8 27. c5 Bxa2 28. Nc7 (28. Kg1 $142) 28... Bb3 $1 {[%cal Rb3c2]} 29. Qc1 Rac8 30. Nd5 {[#]} Bxd5 (30... Nd3 $142 $1 {[%mdl 512]} 31. Rxd3 Rxd6) 31. exd5 {[#]} Nd3 $1 {[%mdl 512]} 32. Rxd3 $17 Rxd6 $1 33. Qe3 Rd7 34. Rc2 (34. Rf4 $142 Qd8 35. Re4) 34... Bf8 ({Black should play} 34... Re7 35. Qf2 Qb4) 35. Rdc3 Qf6+ 36. Qf2 Qa6+ 37. Kg1 Bg7 38. Ra3 Qb5 39. d6 (39. Kh1 $17) 39... Qb4 {aiming for ...Bd4.} 40. Rd3 {[#]} Re8 (40... b6 $1 $17 {[%cal Rc8c5][%mdl 512]} 41. c6 (41. cxb6 Rxc2) 41... Rxd6) 41. Bd5 Re1+ 42. Kg2 Re5 $1 {[%cal Re5d5]} 43. Rc4 ({White should try} 43. Qd2 $11 Qh4 44. Rc4) 43... Rg5+ $15 44. Kh1 Qb5 45. Qc2 Rf5 46. Rd1 Rd8 ({Not} 46... Qxb2 $2 47. Qxb2 Bxb2 {[#]} 48. Bxb7 $1 $18 {[%mdl 512]}) 47. Be4 Rh5 48. Bg2 Qd7 ({Stronger than} 48... Qxb2 49. Qxb2 Bxb2 50. Bxb7 $16) (48... Bxb2 $15 49. Qxa4 Rxc5 50. Qxb5 Rxb5) 49. Qxa4 Qxa4 50. Rxa4 {Black must now prevent b4.} Rxc5 51. Bxb7 Bxb2 52. Re4 ({Better is} 52. d7 $15) 52... Rc1 (52... Kf8 $17 {Strongly threatening ...Rd7.} 53. d7 Be5) 53. Rxc1 Bxc1 54. Rd4 $1 Be3 {Precision: White = 29%, Black = 54%.} 1/2-1/2

[Event "EICC 2017"]
[Site "Minsk"]
[Date "2017.06.08"]
[Round "9"]
[White "Aleksandrov, Aleksej"]
[Black "Dubov, Daniil"]
[Result "1/2-1/2"]
[WhiteElo "2559"]
[BlackElo "2660"]
[Annotator "TA"]
[PlyCount "60"]
[EventDate "2017.??.??"]
[EventCountry "BLR"]
[SourceTitle "playchess.com"]
[Source "ChessBase"]
[SourceQuality "1"]

{[%evp 9,60,40,28,20,20,19,28,20,19,19,29,10,28,0,0,0,0,-3,0,-7,4,12,16,-5,4,4,6,-15,-12,-29,-29,-29,-25,-20,-20,-28,-34,-28,-23,-22,-21,-22,-21,-22,-8,-8,-10,-8,-5,-10,-7,-13,0]} 1. d4 Nf6 2. c4 g6 3. Nc3 d5 4. Bg5 c5 (4... Bg7 5. Bxf6 Bxf6 6. cxd5 c5 7. Nf3 cxd4 8. Nxd4 Qb6 9. Nb3 O-O 10. Qd2 Rd8 11. Rd1 Na6 12. e4 Bg4 13. Be2 Bxe2 14. Qxe2 Nb4 15. e5 Bg7 16. Nc1 Qa5 17. Nb3 Qb6 18. Nc1 Qa5 19. Nb3 {½-½ (19) Inarkiev,E (2727)-Nepomniachtchi,I (2751) Moscow 2017}) 5. Bxf6 $146 ({Predecessor:} 5. dxc5 d4 6. Bxf6 exf6 7. Nd5 Bxc5 8. b4 Bb6 9. c5 Qxd5 10. cxb6 axb6 11. e3 Rxa2 12. Rc1 {1-0 (21) Lorke,C-Stein,M Passau 1997}) 5... exf6 6. cxd5 {Threatens to win with Nf3. D80: Grünfeld: Unusual White 4th moves and 4 Bg5} Qb6 7. e3 cxd4 8. Qxd4 {White has an edge.} Qxd4 9. exd4 Bg7 10. Nf3 O-O 11. Be2 Rd8 12. O-O Nd7 13. Bc4 Nb6 14. Bb3 Bf5 15. Rfe1 Kf8 16. Nd2 Rac8 17. Rad1 Bd3 18. Nde4 (18. Re3 $5 {[%cal Re3d3]} Ba6 19. g4 $11) 18... Bxe4 19. Rxe4 Nc4 20. Bxc4 {[#] Strongly threatening Bb3.} f5 21. Rh4 {And now Bb3 would win.} Rxc4 22. Rxh7 b5 23. a3 b4 24. axb4 $1 Rxb4 {The position is equal.} 25. Rd2 Rdb8 26. Nd1 Rxd4 27. Rxd4 Bxd4 28. Kf1 Rb5 29. Rh3 Ke7 30. Rd3 Bxb2 {Precision: White = 76%, Black = 91%.} 1/2-1/2

[Event "EICC 2017"]
[Site "Minsk"]
[Date "2017.06.08"]
[Round "9"]
[White "Michalik, Peter"]
[Black "Zvjaginsev, Vadim"]
[Result "1/2-1/2"]
[WhiteElo "2558"]
[BlackElo "2661"]
[Annotator "TA"]
[PlyCount "53"]
[EventDate "2017.??.??"]
[EventCountry "BLR"]
[SourceTitle "playchess.com"]
[Source "ChessBase"]
[SourceQuality "1"]

{[%evp 24,53,46,22,37,19,27,21,34,25,37,0,0,-4,15,12,9,9,13,16,9,0,0,0,0,0,0,0,6,8,15,0]} 1. e4 c5 2. Nf3 Nc6 3. Bb5 g6 4. Bxc6 bxc6 5. O-O Bg7 6. Re1 e5 7. c3 Ne7 8. d4 cxd4 9. cxd4 exd4 10. Nxd4 O-O 11. Nc3 Rb8 12. Nb3 d5 {B31: Sicilian: 2...Nc6 3 Bb5 g6} 13. Be3 {LiveBook: 10 Games} Rb7 14. Bd4 (14. Bc5 Re8 15. Ba3 Rb8 16. Qd2 Be6 17. Rad1 Qc7 18. Qc1 Rbd8 19. Nb5 Qb8 20. N5d4 {½-½ (56) Garscha,F (2508)-Mahling,T (2566) Remote email 2013}) 14... dxe4 15. Bxg7 Qxd1 $146 ({Predecessor:} 15... Kxg7 16. Nxe4 Qxd1 17. Raxd1 Be6 18. Nec5 Bxb3 19. Nxb7 Bxd1 20. Rxe7 {½-½ (31) Pavasovic,D (2295)-Jelen,I (2325) Slovenia 1993}) 16. Raxd1 Kxg7 17. Rxe4 Be6 {The position is equal.} 18. Rde1 Nd5 19. Na4 Nf6 20. Nbc5 Nxe4 21. Nxb7 Rb8 22. Rxe4 {[#] Black must now prevent Nac5.} Rxb7 23. b3 Rd7 {( -> ...Rd1+)} 24. f3 Bf5 25. Re2 Rd5 26. Kf2 h5 27. h4 {Precision: White = 64%, Black = 36%.} 1/2-1/2